| 000 | 01579ckm a22004333a 4500 | ||
|---|---|---|---|
| 001 | 14361294 | ||
| 003 | OSt | ||
| 005 | 20140310181932.0 | ||
| 007 | kj|||| | ||
| 007 | cr ||||||||||| | ||
| 008 | 060502s1876 |||nnn | kn||| | ||
| 010 | _a 2006681444 | ||
| 020 | _a0439099404 | ||
| 037 |
_aLC-USZ62-52597 _bDLC _c(b&w film copy neg.) |
||
| 040 |
_aDLC _cDLC |
||
| 050 | 0 | 0 |
_aPS 1906 _b.T969 1976 |
| 082 |
_aCLA _b.T91 1966 |
||
| 100 |
_aMark Twain _92913 |
||
| 245 | 0 | 5 |
_aThe Adventures of Tom Sawyer / _cMark Twain |
| 260 |
_c1976 _aToronto _bBantam Books |
||
| 300 |
_a249 p. _c18 cm. |
||
| 500 | _aIllus. in: Mark Twain, The Adventures of Tom Sawyer, 1876. | ||
| 500 | _aReference copy may be in LOT 4433-B. | ||
| 500 | _aThis record contains unverified, old data from caption card. | ||
| 540 |
_aRights status not evaluated. For general information see "Copyright and Other Restrictions ...," _uhttp://www.loc.gov/rr/print/195_copr.html |
||
| 541 | _j1 | ||
| 541 | _j2 | ||
| 541 | _j5 | ||
| 541 | _j3 | ||
| 541 | _j4 | ||
| 541 | _j6 | ||
| 541 | _j7 | ||
| 562 | _e2 | ||
| 590 | _aCaption card tracings: Rare Bk. Div.; Fictional char.; PI--Works; Shelf. Sources checked: OCat. No illustrator given. | ||
| 856 | 4 | 1 |
_3digital file from b&w film copy neg. _dcph _f3b00576 _qp _uhttp://hdl.loc.gov/loc.pnp/cph.3b00576 |
| 906 |
_a0 _bcbc _corignew _du _encip _f20 _gy-printpho |
||
| 942 |
_2lcc _cBBK _kCLA |
||
| 999 |
_c7423 _d7423 |
||